ბათუმის შოთა რუსთაველის სახელმწიფო უნივერსიტეტის ბიბლიოთეკა

Задания по курсу черчения(В двух книгах). Книга первая: Основы черчения и начертательной геометрий. (ბიბ.ჩანაწერი № 40534)

000 -LEADER
fixed length control field 00701nam a2200217Ia 4500
001 - CONTROL NUMBER
control field 7145
003 - CONTROL NUMBER IDENTIFIER
control field GE_BSU
008 - FIXED-LENGTH DATA ELEMENTS--GENERAL INFORMATION
fixed length control field 181216s||||||||xx |||||||||||||| ||und||
040 ## - CATALOGING SOURCE
Transcribing agency GE_BSU
080 ## - UNIVERSAL DECIMAL CLASSIFICATION NUMBER
Universal Decimal Classification number 744(075.32)
100 ## - MAIN ENTRY--PERSONAL NAME
Personal name Боголюбов,С.К.
245 ## - TITLE STATEMENT
Title Задания по курсу черчения(В двух книгах). Книга первая: Основы черчения и начертательной геометрий.
245 ## - TITLE STATEMENT
Remainder of title Учебное пособие.
245 ## - TITLE STATEMENT
Statement of responsibility, etc. ред. Т.М.Минаева.
260 ## - PUBLICATION, DISTRIBUTION, ETC.
Place of publication, distribution, etc. М.
260 ## - PUBLICATION, DISTRIBUTION, ETC.
Name of publisher, distributor, etc. Высш. школа.
260 ## - PUBLICATION, DISTRIBUTION, ETC.
Date of publication, distribution, etc. 1978.
300 ## - PHYSICAL DESCRIPTION
Extent 168стр. с илл. 27см.
653 ## - INDEX TERM--UNCONTROLLED
Uncontrolled term 744(075.32)
942 ## - ADDED ENTRY ELEMENTS (KOHA)
Koha item type წიგნი
ეგზემპლარები
Withdrawn status Lost status Damaged status Not for loan Date acquired Barcode Date last seen Price effective from Koha item type
        2018-12-17 10200 2018-12-17 2018-12-17 წიგნი